Score 0/26 Timer 08:00
0 Plays Today
% Correct
Molecules with 2 Atoms
92.6%
Chemical Symbols
91.7%
Aluminium _____
91.2%
_____-Man
90.3%
Arachnids
90.3%
Sporcle Categories
90.3%
Sporcle Subcategories (Gaming)
89.8%
Parts of Speech
89.8%
Italian Cities
88.9%
_____O
88.4%
_____ Nightingale
88.4%
Pork Products
87.5%
Contact _____
85.6%
% Correct
Grieving Terms
85.2%
Boston _____
85.2%
_____ Up (Paper Documents)
84.7%
B_____
83.8%
Physical _____
83.8%
Tock Terms
83.3%
Stars
81.9%
Olympic Events
81.9%
Astronomy Terms
74.1%
Radio Terms
73.1%
Calendar Eras
72.7%
Military Qualifications
71.3%
Cuban and Strong
67.1%
Remove Ads.
Support Sporcle.
Get the best of Sporcle when you Go Orange. This ad-free experience offers more features, more stats, and more fun while also helping to support Sporcle. Thank you for becoming a member.

You're not logged in!

Compare scores with friends on all Sporcle quizzes.
OR
Log In

Show Comments

Extras

Top Quizzes Today


Score Distribution

Your Account Isn't Verified!

In order to create a playlist on Sporcle, you need to verify the email address you used during registration. Go to your Sporcle Settings to finish the process.

Report this User

Report this user for behavior that violates our Community Guidelines.

Details: